Aliments par images en anglais - Statistiques

Statistiques générales
  • Ce quiz a été pris 1 987 fois
    1 884 depuis la dernière actualisation
  • Le résultat moyen est 11 sur 15
Statistiques - réponses
Par images Hint Réponse % Correct
Banane Banana
98%
Poisson Fish
98%
Fraise Strawberry
89%
Pain Bread
88%
Crème glacée (glace) Ice cream
88%
Lait Milk
88%
Melon d'eau (pastèque) Water melon
88%
Pomme Apple
84%
Viande Meat
84%
Carottes Carrot
75%
Ananas Pineapple
65%
Fromage Cheese
54%
Bonbon Candy
52%
Concombre Cucumber
39%
Biscuit Cookie
32%
Aucun quiz correspondant
Distribution des résultats
% des personnes avec chaque résultat
Percentile par nombre de réponses
Votre historique - résultats
Vous n’avez pas pris ce quiz depuis la dernière actualisation